Les races de l'Afrique /

محفوظ في:

المؤلف الرئيسي: Seligman, C. G. 1873-1940. (مؤلف)

مؤلفون آخرون: Montandon, George, 1879-1944.

التنسيق: كتاب

اللغة: French
English

سلاسل: Bibliothèque scientifique.

الموضوعات:

الوسوم: إضافة وسم

لا توجد وسوم, كن أول من يضع وسما على هذه التسجيلة!

رقم الطلب: GN645 .S4 1935

LEADER 01186namaa2200325 4500
001 20364
003 OSt
005 20210214092809.0
008 130303s1935 fr af g b 001 0 fre d
952 |0 0  |1 0  |2 lcc  |4 0  |6 GN0645 S4 01935  |7 1  |9 10358  |a ARCE  |b ARCE  |d 2021-02-14  |l 0  |o GN645 .S4 1935  |p 1004263  |r 2021-02-14 00:00:00  |w 2021-02-14  |y BK 
999 |c 18842  |d 18842 
040 |c ARCE Library 
041 1 |a fre  |h eng 
043 |a f------ 
050 0 4 |a GN645 .S4 1935 
100 1 |a Seligman, C. G.  |q (Charles Gabriel),  |d 1873-1940.  |e author 
240 1 0 |a Races of Africa.  |l French 
245 1 4 |a Les races de l'Afrique /  |c C.G. Seligman ; préface et traduction de Dr. George Montandon. 
264 |a Paris :  |b Payot,  |c 1935. 
300 |a 224 pages, 16 pages of plates :  |b illustrations ;  |c 23 cm. 
336 |a text  |b txt  |2 rdacontent 
337 |a unmediated  |b n  |2 rdamedia 
338 |a volume  |b nc  |2 rdacarrier 
490 0 |a Bibliothèque scientifique. 
500 |a Translation of : Races of Africa. 
504 |a Includes bibliographical references (pages 215-218) and index. 
650 0 |a Ethnology  |z Africa.  
700 1 |a Montandon, George,  |d 1879-1944.  |9 36150 
901 |a reviewed 
942 |c BK  |2 lcc